ESP reader for students of philosophy and religious studies

Bibliographic Details
Main Author: Šulovská, Denisa, 1972- (Author)
Format: Software eBook
Language:English
PhysicalDescription:1 CD-ROM 12 cm
Published: Bratislava STIMUL 2019
ISBN:9788081272400
Subjects:

MARC

LEADER 00000nam a2200000 4500
001 vtls011903787
003 SK-MaSNL
005 20260301185447.0
007 co bg auuua
008 191128s2019 xo | fqf 000 0deng
015 |a SNBS2020 
020 |a 9788081272400  |q (elektronická kniha) 
040 |a SNK  |b slo  |c SNK  |e rda 
041 0 |a eng 
044 |a xo  |c SK 
072 7 |a 2-1  |x Prirodzená teológia. Náboženská filozofia  |2 konspekt 
080 |a 2:1  |2 2011 
080 |a (035)  |2 2011 
080 |a (082.21)  |2 2011 
080 |a (0.034.44)  |2 2011 
100 1 |a Šulovská, Denisa,  |d 1972-  |4 aut  |9 193943 
245 1 0 |a ESP reader for students of philosophy and religious studies  |c Denisa Šulovská 
264 1 |a Bratislava  |b STIMUL  |c 2019 
300 |a 1 CD-ROM  |c 12 cm 
336 |a text  |b txt  |2 rdacontent 
337 |a počítač  |b c  |2 rdamedia 
338 |a počítačový disk  |b cd  |2 rdacarrier 
347 |a textový súbor  |b PDF  |2 rda 
500 |a Vydané pre Univerzitu Komenského v Bratislave, Filozofická fakulta, Katedra jazykov 
500 |a Názov z titulnej obrazovky 
500 |a Nad názvom: Comenius University in Bratislava Faculty of Arts Department of Foreign Languages 
500 |a Obsahuje biografické údaje 
504 |a Obsahuje bibliografické odkazy 
650 0 7 |a filozofia a náboženstvo  |2 SNKPH  |9 63362 
650 0 7 |a Philosophy and religion  |2 SNKPHeng  |9 314550 
655 7 |a CD-ROM  |2 SNKPH  |9 70236 
655 7 |a príručky  |2 SNKPH  |9 74364 
655 7 |a výbery  |2 SNKPH  |9 67620 
655 7 |a Handbooks, manuals, etc.  |2 SNKPHeng  |9 90964 
655 7 |a Selections  |2 SNKPHeng  |9 277174 
710 2 |a Univerzita Komenského v Bratislave.  |b Filozofická fakulta.  |b Katedra jazykov  |4 pbl  |9 179470 
919 |a 978-80-8127-240-0 
958 |a NB 
999 |c 864049  |d 865979 
952 |a SNK  |b SNK  |y PREZ  |7 0  |p 17A1393347  |o snkSCDM 10917  |i snk2019/30694  |8 0  |0 0  |1 0  |4 0  |d 2019-11-28  |l 0  |r 2026-02-24 05:21:55  |w 2026-02-24 
952 |t snkESP 2  |a SNKMST  |b SNKMST  |y PREZ  |7 0  |p 17A1393348  |o snkSCDM 10917 D1  |i snk2019/30695  |8 0  |0 0  |1 0  |4 0  |d 2019-11-28  |l 0  |r 2025-08-13 00:00:00  |w 2026-02-24